000 00237nam a22000857a 4500
008 160706b xxu||||| |||| 00| 0 eng d
100 _92357
_a Morrison, R.T., et al
245 _aOrganic Chemistry
260 _aUnited State
_bPrentine Hall
_c1992
999 _c2033
_d2033